Power reading
A brief, daily program to increase reading speed and comprehension provides strategies for on-line and print media, covering personal, school, and business materials
Gardado en:
| Idioma: | Undetermined English |
|---|---|
| Publicado: |
Taipei
Tung Hua
2015
|
| Những chủ đề: | |
| Các nhãn: |
Engadir etiqueta
Sen Etiquetas, Sexa o primeiro en etiquetar este rexistro!
|
| Thư viện lưu trữ: | Trung tâm Học liệu Trường Đại học Trà Vinh |
|---|
| LEADER | 00647nam a2200217Ia 4500 | ||
|---|---|---|---|
| 001 | TVU_26511 | ||
| 008 | 210423s9999 xx 000 0 und d | ||
| 020 | |a 9789574838288 | ||
| 041 | |a eng | ||
| 082 | |a 418.4 | ||
| 082 | |b P887 | ||
| 245 | 0 | |a Power reading | |
| 260 | |a Taipei | ||
| 260 | |b Tung Hua | ||
| 260 | |c 2015 | ||
| 300 | |a 266 p. | ||
| 300 | |b ill. | ||
| 300 | |c 27 cm | ||
| 520 | |a A brief, daily program to increase reading speed and comprehension provides strategies for on-line and print media, covering personal, school, and business materials | ||
| 650 | |a English language | ||
| 980 | |a Trung tâm Học liệu Trường Đại học Trà Vinh | ||


